| 000 | 01746nam a22003377a 4500 | ||
|---|---|---|---|
| 001 | B-263799-803 | ||
| 003 | dpl | ||
| 005 | 20080604121011.0 | ||
| 006 | a|||||r|||||00| 1 | ||
| 007 | ta | ||
| 008 | 080602t xxu||||| |||| 00| 0 eng d | ||
| 010 | _aB-263799-803 | ||
| 020 |
_a0143330047 _c499.00 |
||
| 037 |
_aUBH dt. 7.5.08 _bUBH/ 7.5.08/29/8.4.08/19.5.08/499.00/ |
||
| 040 | _aDPL | ||
| 082 | _a398.469 / NAI | ||
| 100 | _aNair, Anita | ||
| 245 |
_aThe puffin book of magical Indian myths / _cby Anita Nair: illustrated by Atanu Roy |
||
| 260 |
_a New Delhi _bPuffin Books _c2007 |
||
| 260 |
_aDelhi _bUBH(Distributor) |
||
| 270 |
_a11, Community Centre, Panchsheel Park _bNew Delhi _e110017 |
||
| 270 |
_a15, UB Bunglow Road, _bDelhi _e110007 |
||
| 300 |
_a181p.: _bcol. ill. _c25 cm (Hb) |
||
| 700 | _aRoy, Atanu | ||
| 942 |
_2ddc _cCH _h398.469 / NAI |
||
| 999 |
_c13263 _d13263 |
||